000 00586nam a2200229Ia 4500
003 OSt
005 20220923225304.0
006 a|||||r|||| 00| 0
007 ta
008 220922b |||||||| |||| 00| 0 hin d
024 _a262,065
037 _cTextual
040 _aARTS
_cARTS
_bhin
041 _2hin
_ahin
082 _aO152,6x, [M0]
245 0 _aललित निबन्ध
246 _aLalit nibandha
260 _c1980
650 _aहिन्दी साहित्य
_9156264
942 _hO152,6x, [M0]
_cTEXL
_2CC
999 _c377241
_d377241